[Event "DVM U14w 2016"]
[Site "Düsseldorf GER"]
[Date "2016.12.30"]
[Round "7"]
[White "Reinbold, Sorah Marie"]
[Black "Heinze, Vanessa"]
[Result "1-0"]
[Termination "normal"]
[Board "9.4"]
[WhiteElo "1001"]
[BlackElo "783"]
[WhiteTeam "SK Endingen"]
[BlackTeam "SC Ammersee"]
[PlyCount "85"]
[WhiteFideId "12983497"]
[BlackFideId "16208412"]
[EventCountry "GER"]
[EventRounds "7"]
[EventType "team-swiss"]
[EventDate "2016.12.26"]

1. e4 {[%emt 0:00:00]} e5 2. Nf3 Nc6 3. Bc4 Bc5 4. c3 d6 5. h3 Be6 6. d4 exd4
7. Bxe6 fxe6 8. cxd4 Bb6 9. Nc3 Nf6 10. Bg5 Qd7 11. Bxf6 gxf6 12. d5 exd5 13.
Nxd5 Rf8 14. O-O Bc5 15. Qc2 O-O-O 16. Qc3 Ne5 17. Nxe5 dxe5 18. Qxc5 Kb8 19.
Rad1 c6 20. Ne3 Qc8 21. Qe7 Qc7 22. Rxd8+ Rxd8 23. Qxf6 a6 24. Ng4 Re8 25. Qf5
Qd6 26. Qxh7 Qe6 27. a3 Qa2 28. Qh5 Rg8 29. Nxe5 Qxb2 30. Qf7 Rg5 31. Qf8+ Ka7
32. Qc5+ Kb8 33. Nd7+ Kc7 34. Qxg5 Kxd7 35. Qc1 Qe5 36. Qb1 b5 37. Rd1+ Ke7 38.
Qa1 Qxe4 39. Re1 Qxe1+ 40. Qxe1+ Kd7 41. f4 c5 42. f5 c4 43. f6 1-0

[Event "DVM U14w 2016"]
[Site "Düsseldorf GER"]
[Date "2016.12.30"]
[Round "7"]
[White "Kohl, Natalie"]
[Black "Schilay, Maria"]
[Result "1-0"]
[Termination "time forfeit"]
[Board "10.1"]
[WhiteElo "1448"]
[BlackElo "1264"]
[WhiteTeam "Meuselwitzer SV"]
[BlackTeam "SK Neumarkt"]
[PlyCount "75"]
[WhiteFideId "12967408"]
[BlackFideId "12942979"]
[EventCountry "GER"]
[EventRounds "7"]
[EventType "team-swiss"]
[EventDate "2016.12.26"]

1. e4 {[%emt 0:00:00]} e5 2. Nf3 Nc6 3. Bc4 Bc5 4. a4 a5 5. c3 Nf6 6. d3 d6 7.
O-O O-O 8. Bg5 Be6 9. Bb3 h6 10. Be3 Ba7 11. Na3 Nd7 12. d4 Bg4 13. h3 Bxf3 14.
Qxf3 exd4 15. cxd4 Bxd4 16. Bxd4 Nxd4 17. Qd3 Nxb3 18. Qxb3 Nc5 19. Qc2 Re8 20.
Rfe1 Qd7 21. Nb1 Re6 22. Nc3 Rae8 23. Re3 Qc6 24. Rae1 b6 25. b3 {(=)} Rg6 26.
Rf3 Ne6 27. Qd2 Ng5 28. Rfe3 Qd7 29. Qd3 Ne6 30. Nd5 Nc5 31. Qc3 Re5 32. f4 {
(=)} Re8 33. f5 Rg5 34. f6 g6 35. Ne7+ Kh7 36. Rg3 Re5 37. Qc4 Ne6 38. Rf1 1-0

[Event "DVM U14w 2016"]
[Site "Düsseldorf GER"]
[Date "2016.12.30"]
[Round "7"]
[White "Adelhardt, Lisa"]
[Black "Neumann, Tina"]
[Result "1/2-1/2"]
[Termination "normal"]
[Board "10.2"]
[WhiteElo "1214"]
[BlackElo "1516"]
[WhiteTeam "SK Neumarkt"]
[BlackTeam "Meuselwitzer SV"]
[PlyCount "83"]
[WhiteFideId "16235380"]
[BlackFideId "16212371"]
[EventCountry "GER"]
[EventRounds "7"]
[EventType "team-swiss"]
[EventDate "2016.12.26"]

1. e4 d5 2. exd5 Qxd5 3. Nc3 Qa5 4. Nf3 Nf6 5. d4 c6 6. Bf4 Bf5 7. Bc4 e6 8.
O-O Nbd7 9. a3 Be7 10. Re1 Qd8 11. Bb3 O-O 12. Bg5 Bd6 13. Ne2 Qc7 14. Qd2 Ne4
15. Qe3 Nxg5 16. Qxg5 Nf6 17. h3 Rac8 18. Nc3 a6 19. Rad1 Bf4 20. Qh4 Nd5 21.
Nxd5 cxd5 22. Ne5 Bxe5 23. dxe5 b5 24. Rd2 Rfd8 25. Qf4 Bg6 26. Qe3 Qb8 27. Qe2
Rc7 28. Red1 Qb7 29. c4 bxc4 30. Bxc4 a5 31. a4 Qb4 32. Bb5 Qc5 33. Qe1 Rdc8
34. Re2 Qb6 35. Red2 Rc2 36. Rxc2 Rxc2 37. Rc1 Rxc1 38. Qxc1 Qd8 39. Qc3 h6 40.
b4 axb4 41. Qxb4 Qc7 42. Qd2 1/2-1/2

[Event "DVM U14w 2016"]
[Site "Düsseldorf GER"]
[Date "2016.12.30"]
[Round "7"]
[White "Meyer, Jessica"]
[Black "Burger, Daiana"]
[Result "1-0"]
[Termination "normal"]
[Board "10.3"]
[WhiteElo "1402"]
[BlackElo "947"]
[WhiteTeam "Meuselwitzer SV"]
[BlackTeam "SK Neumarkt"]
[PlyCount "91"]
[WhiteFideId "16230019"]
[BlackFideId "16217233"]
[EventCountry "GER"]
[EventRounds "7"]
[EventType "team-swiss"]
[EventDate "2016.12.26"]

1. e4 {[%emt 0:00:00]} e5 2. Nf3 Nc6 3. Bc4 Bc5 4. a4 d6 5. c3 Be6 6. Bxe6 fxe6
7. b4 Bb6 8. a5 Nxa5 9. bxa5 Bc5 10. Qb3 Rb8 11. Qxe6+ Ne7 12. Na3 a6 13. Nc2
Kf8 14. Ng5 Ke8 15. Nf7 Qd7 16. Qxd7+ Kxd7 17. Nxh8 Rxh8 18. O-O d5 19. exd5
Nxd5 20. Re1 Re8 21. Bb2 Rf8 22. Ne3 Nf4 23. d4 Ba7 24. Rad1 Kc8 25. dxe5 b6
26. axb6 Bxb6 27. c4 Rd8 28. Rxd8+ Kxd8 29. Rd1+ Ke7 30. Nd5+ Nxd5 31. cxd5 a5
32. Bd4 Bxd4 33. Rxd4 h5 34. f4 g6 35. h3 h4 36. Kf2 Ke8 37. g3 hxg3+ 38. Kxg3
Kf7 39. Kg4 Kg7 40. f5 Kh6 41. d6 gxf5+ 42. Kxf5 c5 43. Rc4 Kh5 44. d7 a4 45.
d8=Q Kh6 46. Qh8# 1-0

[Event "DVM U14w 2016"]
[Site "Düsseldorf GER"]
[Date "2016.12.30"]
[Round "7"]
[White "Burger, Radena"]
[Black "Zehr, Selina"]
[Result "1-0"]
[Termination "normal"]
[Board "10.4"]
[WhiteElo "719"]
[BlackElo "981"]
[WhiteTeam "SK Neumarkt"]
[BlackTeam "Meuselwitzer SV"]
[PlyCount "81"]
[WhiteFideId "16217241"]
[BlackFideId "16235282"]
[EventCountry "GER"]
[EventRounds "7"]
[EventType "team-swiss"]
[EventDate "2016.12.26"]

1. e4 {[%emt 0:00:00]} c5 2. Nf3 Nc6 3. d4 cxd4 4. Nxd4 Nf6 5. Nc3 g6 6. Bc4
Bg7 7. O-O O-O 8. Nxc6 bxc6 9. e5 Ne8 10. Re1 e6 11. Qf3 Bb7 12. Qg3 d6 13. Bg5
Qc7 14. Rad1 dxe5 15. Qh3 Qc8 16. Be7 Nc7 17. Bxf8 Qxf8 18. Ne4 Ba6 19. Bxa6
Nxa6 20. Ng5 h6 21. Nf3 Qc5 22. Rd2 Nb4 23. Red1 Qb6 24. a3 Na6 25. Qg4 Rf8 26.
Nh4 g5 27. Nf3 f5 28. Qc4 Nc5 29. b4 Ne4 30. Qxe6+ Kh7 31. Re2 Nc3 32. Ree1
Nxd1 33. Rxd1 e4 34. Ne5 Bxe5 35. Qxe5 Qb5 36. Qe7+ Kg8 37. Qe6+ Kg7 38. Rd7+
Kh8 39. h3 Qe2 40. Qxh6+ Kg8 41. Qg7# 1-0